000 00548nam a2200181Ia 4500
999 _c36188
_d36188
003 OSt
005 20201216133853.0
008 190216s9999||||xx |||||||||||||| ||und||
040 _coclc
082 _a362
_bIND/I
100 _aIndian Colleges Forum
_97600
245 0 _aIssue In Development Of Colleges Quality And Resources Aspects /
_cIndian Colleges Forum
250 _a1st Ed.
260 _bAcademic Foundation,
_c1993.
_aDelhi:
300 _a132p
650 _aEducation
942 _cREF
_2ddc
_h362
_iIND/I
_k362
_mIND/I